000 00451ntaaa2200181 4500
003 01
005 20251027202050.0
008 0714s1973 ag 01
040 _aAR-BaBN
_bspa
_cAR-BaBN
_eaacr
_dRIC
082 _a252.0000 C27
100 _aCastro, Emilio
_9290
245 _aCuando molesta la conciencia y otros sermones
250 _a1 ed.
260 _aBuenos Aires :
_bAurora,
_cc1962
300 _a122 p
650 _asermones
_9362
942 _cBK
999 _c15485
_d15485